000 00497 a2200169 4500
003 OSt
005 20230905160748.0
008 230905b |||||||| |||| 00| 0 eng d
020 _a9781032058436
040 _coclc
082 _a920.00867
_bHOR/T
100 1 _aHorvat, Ana
_99430
245 _aTrans narratives :
_btrans, transmedia, transnational /
260 _aNew York:
_bRoutledge,
_c2022.
300 _a159 p
942 _2ddc
_cBK
_h920.00867
_iHOR/T
_k920.00867
_mHOR/T
999 _c42133
_d42133